NLL Teams - Statistics

General Stats
  • This quiz has been taken 142 times
    128 since last reset
  • The average score is 7 of 13
Answer Stats
Conference Arena Team % Correct
Eastern Conference Scotiabank Arena Toronto Rock
81%
Eastern Conference Key Bank Centre Buffalo Bandits
79%
Western Conference Sasktel Centre Saskatchewan Rush
73%
Western Conference Scotiabank Saddledome Calgary Roughnecks
72%
Western Conference Pepsi Centre Colorado Mammoth
65%
Eastern Conference Infinite Energy Arena Georgia Swarm
59%
Eastern Conference Wells Fargo Center Philadelphia Wings
57%
Eastern Conference Scotiabank Centre Halifax Thunderbirds
55%
Eastern Conference Nassau Veterans Coliseum New York Riptide
51%
Western Conference Valley View Casino Centre San Diego Seals
51%
Eastern Conference Blue Cross Arena Rochester Knighthawks
43%
Western Conference Rogers Arena Vancouver Stealth
28%
Eastern Conference Mohegan Sun Arena New England Black Wolves
27%
No matching quizzes found
Score Distribution
Percent of People with Each Score
Percentile by Number Answered
Your Score History
You have not taken this quiz since the last reset